000 00492nam a2200217Ia 4500
003 0100
008 130307s9999 xx 000 0 und d
020 _a0582296501
040 _cARRUPELIB
050 _aD741.M75 1998
100 _aMonger, Alan
245 _aCauses of the second world war
260 _bLongman
260 _c1998
300 _a127p.
300 _b21cm.
440 _aLongman
650 _bGods, Roman-Early works
650 _cTheology-early works
942 0 0 _01
999 _c99246
_d99246